Teoría sociológica clásica (Registro nro. 3837)
[ vista simple ]
| 000 -LEADER | |
|---|---|
| fixed length control field | 01083 a2200253 4500 |
| 001 - CONTROL NUMBER | |
| control field | 44888 |
| 005 - DATE AND TIME OF LATEST TRANSACTION | |
| control field | 20260407155723.0 |
| 008 - FIXED-LENGTH DATA ELEMENTS--GENERAL INFORMATION | |
| fixed length control field | 260407a1993 arg spa d |
| 003 - CONTROL NUMBER IDENTIFIER | |
| control field | AR-UNSa-BCEJYS |
| 040 ## - CATALOGING SOURCE | |
| Original cataloging agency | AR-UNSa-BCEJYS |
| Language of cataloging | spa |
| Transcribing agency | AR-UNSa-BCEJYS |
| 080 ## - UNIVERSAL DECIMAL CLASSIFICATION NUMBER | |
| Universal Decimal Classification number | 316 |
| Common auxiliary subdivision | Sociología |
| 020 ## - INTERNATIONAL STANDARD BOOK NUMBER | |
| International Standard Book Number | 84-481-0104-9 |
| 041 ## - LANGUAGE CODE | |
| Language code of text/sound track or separate title | spa |
| 100 1# - MAIN ENTRY--PERSONAL NAME | |
| Personal name | Casado Rodríguez, María Teresa |
| 245 10 - TITLE STATEMENT | |
| Title | Teoría sociológica clásica |
| 264 #1 - PRODUCTION, PUBLICATION, DISTRIBUTION, MANUFACTURE, AND COPYRIGHT NOTICE | |
| Place of production, publication, distribution, manufacture | Madrid : |
| Name of producer, publisher, distributor, manufacturer | McGraw-Hill |
| Date of production, publication, distribution, manufacture, or copyright notice | 1993 |
| 300 ## - PHYSICAL DESCRIPTION | |
| Extent | xvi, 522 p. |
| Dimensions | 24 cm. |
| 505 ## - FORMATTED CONTENTS NOTE | |
| Formatted contents note | 1. Esbozo histórico de la teoría sociológica: primeros años – 2. Esbozo histórico de la teoría sociológica: años posteriores – 3. Auguste Comte – 4. Herbert Spencer – 5. Karl Marx – 6. Emile Durkheim – 7. Max Weber – 8. Georg Simmel – 9. George Herbert Mead – 10. Alfred Schutz – 11. Talcott Parsons - |
| 590 ## - LOCAL NOTE (RLIN) | |
| Local note | niveau_biblio:m niveau_hierar:0 |
| 700 1# - ADDED ENTRY--PERSONAL NAME | |
| Personal name | Ritzer, George |
| 700 1# - ADDED ENTRY--PERSONAL NAME | |
| Personal name | Almarcha Barbado, Amparo |
| 856 41 - ELECTRONIC LOCATION AND ACCESS | |
| Uniform Resource Identifier | <a href="https://www.biblioeco.unsa.edu.ar/pmb/images/libros/L127019">https://www.biblioeco.unsa.edu.ar/pmb/images/libros/L127019</a> |
| Link text | Imagen de portada |
| Electronic format type | image/jpeg |
| 942 ## - ADDED ENTRY ELEMENTS (KOHA) | |
| Koha item type | |
| Withdrawn status | Lost status | Damaged status | Not for loan | Home library | Current library | Shelving location | Date acquired | Total checkouts | Full call number | Barcode | Date last seen | Price effective from | Koha item type |
|---|---|---|---|---|---|---|---|---|---|---|---|---|---|
| Biblioteca Prof. Eusebio Cleto del Rey | Biblioteca Prof. Eusebio Cleto del Rey | 07/04/2026 | 316 R598 | L127019 | 07/04/2026 | 07/04/2026 | Libro |